| 000 | 00376nam a22001577a 4500 | ||
|---|---|---|---|
| 003 | SGT | ||
| 082 |
_a611 _bC16M |
||
| 100 | _aMAHESHWARI,NANDA | ||
| 245 | _aCLINICAL MICROBIOLOGY ?& PARASITOLOGY | ||
| 250 | _a3RD | ||
| 260 |
_aDELHI _bHEALTH SCIENCE _c2016 |
||
| 300 | _a498 | ||
| 650 | _aMEDICAL SCIENCE | ||
| 653 | _aMICROBIOLOGY, PARASITLOGY,CLINICAL | ||
| 942 |
_2ddc _cBK _01 |
||
| 999 |
_c8309 _d8309 |
||